| 000 | 00395nam a2200109Ia 4500 | ||
|---|---|---|---|
| 008 | 171204s9999 xx 000 0 und d | ||
| 245 | _aBusiness Intelligence and the Cloud: Strategic Implementation Guide | ||
| 245 | _cMichael S. Gendron | ||
| 260 | _c2014 | ||
| 650 | _xBUSINESS INTELLIGENCE AND ANALYTICS | ||
| 856 | _uhttp://down.ebook777.com/015/Business%20Intelligence%20and%20the%20Cloud.pdf | ||
| 999 |
_c347125 _d347125 |
||